| 000 | 00643nam a2200217Ii 4500 | ||
|---|---|---|---|
| 001 | 10827 | ||
| 003 | CO-ViMGA | ||
| 008 | 241108s9999||||xx |||||||||||||| ||und|| | ||
| 020 | _a9589628400 | ||
| 040 |
_aCO-ViMGA _bspa _erda _cCO-ViMGA |
||
| 041 | 0 | _aunk | |
| 082 | 0 | 4 | _a986.137 C656 |
| 110 | 1 |
_aColombia Ministerio de Cultura _91875 |
|
| 245 | 1 | 0 | _aVilla de Leiva |
| 264 | 1 | _a[Lugar de publicación no identificado] : Ministerio de Cultura, 1997 | |
| 300 | _avolumen | ||
| 336 |
_atext _btxt _2rdacontent |
||
| 337 |
_aunmediated _bn _2rdamedia |
||
| 338 |
_avolume _bnc _2rdacarrier |
||
| 940 | _aidficha_siabuc: 10571. -- ficha_no_siabuc:10827 | ||
| 999 |
_c56624 _d56624 |
||